| 000 | 00669cas a22001935a 4500 | ||
|---|---|---|---|
| 001 | L149430 | ||
| 008 | 070613c1963 xxkwr p 0 a0eng | ||
| 022 | 1 | _a0273-5652 | |
| 035 | _a(Sirsi) u149430 | ||
| 041 | 0 | _aeng | |
| 245 |
_aArt Business News _h[electronic resource] |
||
| 260 |
_aEvanston _c2001- |
||
| 520 | _aReaches retail gallery owners, picture framers, art dealer/framers and related businesses. Covers merchandising ideas, marketing trends and new product information. | ||
| 651 | 4 | _aInternational | |
| 690 |
_aArts and antiques _96217 |
||
| 856 | 4 | 1 |
_uhttps://artbusinessnews.com/ _zArt Business News online |
| 942 |
_n0 _2ddc |
||
| 948 | _c05/03/2010 | ||
| 999 |
_c119250 _d119250 |
||